One piece personnages au hasard - Statistiques

Statistiques générales
  • Ce quiz a été pris 98 161 fois
  • Le résultat moyen est 9 sur 20
Statistiques - réponses
Par images Réponse % Correct
Monkey D Luffy
98%
Roronoa Zoro
98%
Shanks
97%
Tony Tony Chopper
97%
Vinsmoke Sanji
97%
Baggy
96%
Brook
96%
Franky
96%
Nami
96%
Portgas D Ace
96%
Sabo
96%
Arlong
95%
Charlotte Linlin
95%
Crocodile
95%
Edward Newgate
95%
Kaido
95%
Monkey D Garp
95%
Trafalgar D Water Law
95%
Don Quichotte Doflamingo
94%
Monkey D Dragon
94%
Nefertari Vivi
94%
Nico Robin
94%
Smoker
94%
Ener
93%
Eustass Kidd
93%
Gol D Roger
93%
Marco
92%
Bartholomew Kuma
91%
Usopp
91%
Gecko Moria
90%
Kobby
90%
Marshall D Teach
90%
Rob Lucci
90%
Sakazuki
90%
Borsalino
89%
Charlotte Katakuri
89%
Kozuki Oden
89%
Kuzan
89%
Boa Hancock
88%
Queen
88%
Dracule Mihawk
87%
Killer
87%
Jinbe
86%
King
85%
Magellan
85%
Yamato
85%
Bentham
84%
Kozuki Momonosuké
84%
Vegapunk
84%
Bellamy
83%
Foxy
82%
Laboon
82%
Sengoku
82%
X drake
82%
Carrot
81%
Don Quichotte Rossinante
81%
Emporio Ivankov
81%
Kaku
81%
Jack
80%
Silvers Rayleigh
80%
Alvida
79%
Bepo
79%
Charlotte Pudding
78%
Oz
78%
Rocks D Xebec
78%
Jewerly Bonney
77%
Shirahoshi
77%
Bartolomeo
76%
Ben Beckman
76%
Issho
76%
Pedro
76%
Charlotte Cracker
74%
Kinemon
74%
Rebecca
74%
Cavendish
73%
Perona
73%
Wapol
73%
Zeff
73%
Neptune
72%
Tom
72%
Urouge
72%
Koala
71%
Pica
71%
Shiki
71%
Basil Hawkins
70%
Don Krieg
70%
Morgan
70%
Tashigi
70%
Belmer
69%
Nefertari Cobra
69%
Yasopp
69%
Zunesh
69%
Fisher Tiger
68%
Octo
68%
César Clown
67%
Hermep
67%
Kuro
67%
Portags D Rouge
67%
Scratchmen Apoo
67%
Galdino
65%
Capone Bege
64%
Charlotte Brulée
64%
Curly Dadan
63%
Montblanc Norland
63%
Pandaman
63%
Sugar
63%
Vergo
63%
Absalom
62%
Caribou
62%
Crocus
62%
Tama
62%
Vista
62%
Jesus Burgess
61%
Kuina
61%
Kurozumi Orochi
61%
Monet
61%
Raizo
61%
Riku Viola
61%
Baby 5
60%
Blueno
60%
Daz Bones
60%
Hody Jones
60%
Léo
60%
Brogy
59%
Charlotte Perospero
59%
Charlotte Smoothie
59%
Hiluluk
59%
Kalifa
59%
Inazuma
58%
Kurozumi Kanjuro
58%
Lucky Roo
58%
Black Maria
57%
Icebarg
57%
Lao G
57%
Spandam
57%
Ulti
57%
Vinsmoke Judge
57%
Dorry
56%
Gem
56%
Napoléon
56%
Joz
55%
Sentomaru
55%
Laffitte
54%
Pell
54%
Diamante
53%
Stussy
53%
Vinsmoke Niji
53%
Jango
52%
Kong
52%
Trebol
52%
Vinsmoke Reiju
52%
Charlotte Oven
51%
Kaloo
50%
Merry
50%
Catarina Devon
49%
Edward Weevil
49%
Gin
49%
Izo
49%
Kaya
49%
Nekomamushi
49%
Señor Pink
49%
Who's Who
49%
Tsuru
47%
Vinsmoke Ichiji
47%
Hina
46%
Kyros
46%
Makino
46%
Pekoms
46%
Van Augur
46%
Vinsmoke Yonji
46%
Gaimon
45%
Nojiko
45%
Shiliew
45%
Chinjao
44%
Kureha
44%
Haguar D Sauro
43%
Morgans
43%
Kawamatsu
42%
Nico Olvia
42%
Page One
42%
Doc Q
41%
Clover
40%
Inuarashi
40%
Jabura
40%
Otohime
40%
Vander Decken IX
40%
Charlos
39%
Hajrudin
39%
Prométhée
39%
Ashura Doji
38%
Chadros Higelyges
38%
Dellinger
38%
Kikunojo
38%
Riku Doldo III
38%
Aladdin
37%
Aramaki
37%
Pauly
37%
Pearl
37%
Shinobu
37%
Wiper
37%
Charlotte Laura
36%
Denjiro
36%
Sanjuan Wolf
36%
John
35%
Kozuki Toki
35%
Penguin
35%
Charlotte Mont d'or
34%
Fullbody
34%
Hogback
34%
Mikita
34%
Bakkin
33%
Kozuki Hiyori
33%
Momonga
33%
Héraclès
32%
Buffalo
31%
Camie
31%
Hannyabal
31%
Kokoro
31%
Montblanc Cricket
31%
Pappag
31%
Sai
31%
Squard
31%
Belo Betty
30%
Charlotte Chiffon
30%
Duval
30%
Hack
30%
Héra
30%
Hyogoro
30%
Igaram
30%
Calgara
29%
Carmel
29%
Dolton
29%
Koza
29%
Vasco Shot
29%
Avalo Pizarro
28%
Charlotte Daifuku
28%
Pierre
28%
Sasaki
28%
Smiley
28%
Thatch
28%
Wanda
28%
Chaka
27%
Manshelly
27%
Marianne
27%
Minotaure
27%
Shakuyaku
27%
Babe
26%
Boa Sandersonia
26%
Charlotte Amande
26%
Karasu
26%
Margaret
26%
Nyon
26%
Charlotte Opéra
25%
Morley
25%
Sadi
25%
Shirley
25%
Surimi
25%
Boa Marigold
24%
Gan Forr
24%
Genzo
24%
Gladius
24%
Kiwi
24%
Sodom
24%
Vinsmoke Sora
24%
Wadatsumi
24%
Coribou
23%
Demalo Black
23%
Fukaboshi
23%
Speed
23%
Tamago
23%
Tsuru
23%
Dalmatian
22%
Drophy
22%
Ideo
22%
Higuma
21%
Shimotsuki Yasuie
21%
Victoria Cindry
21%
Bastille
20%
Conis
20%
Jean Bart
20%
Megalo
20%
Satori
20%
Charlotte Compote
19%
Elizabello II
19%
Streusen
19%
Charlotte Flampe
18%
Fukuro
18%
Chimney
17%
Machvise
17%
Wanze
17%
Charlotte Praline
16%
Jora
16%
Mozu
16%
Lindbergh
15%
Minokoala
15%
Minozèbre
15%
Pound
15%
Blue Gilly
14%
Disco
14%
Gedatsu
14%
Kumadori
14%
Minorhinocéros
14%
Ohm
14%
Vito
14%
Bluejam
13%
Domino
13%
Funkfreed
12%
Gomorrhe
12%
Hattori
12%
Manboshi
12%
Ryuboshi
12%
Salome
12%
Don Quichotte Homing
11%
Kumacy
11%
Laki
11%
Macro
11%
Ministre de la droite
11%
Ministre de la gauche
11%
Mocha
11%
Namur
11%
Shura
11%
Bee Anne
10%
Curiel
10%
Heat
10%
Hoe
10%
Minochihuahua
10%
Very Good
10%
Yorki
10%
Zeo
10%
Aphelandra
9%
Daruma
9%
Fukurokuju
9%
Onimaru
9%
Blamenco
8%
Chocolat
8%
Dosun
8%
Farul
8%
Masira
8%
Shojo
8%
Sweet Pea
8%
Whitey Bay
8%
Zambai
8%
Cocoa
7%
Gion
7%
Gonbei
7%
Haredas
7%
Hildon
7%
Kozuki Sukiyaki
7%
Shachi
7%
Atmos
6%
Charlotte Mondée
6%
Drip
6%
Milky
6%
Turco
6%
Wicka
6%
Camel
5%
Haruta
5%
Hyouzou
5%
Ishilly
5%
Sharlia
5%
Fuga
4%
Kurozumi Higurashi
4%
Kurozumi Semimaru
4%
Manjaro
4%
Mounblutain
4%
Nora Gitsune
4%
Rosward
4%
Blenheim
3%
Epoida
3%
Giberson
3%
Icaros Mucchi
3%
Islewan
3%
Aucun quiz correspondant
Distribution des résultats
% des personnes avec chaque résultat
Percentile par nombre de réponses
Votre historique - résultats
Vous n’avez pas pris ce quiz